00602nam a2200205 a 450000100060000000300080000600500170001400800410003103500200007204000320009204100080012408200220013210000480015424500710020226000430027330000210031649000230033765000130036085600230037352699BD-RjUL20211209075840.0160925s1912 enke 000 0 eng  a(BD-RjUL) 52819 aDLCcFMUdDLCdBD-RjULbeng aeng 223a500bDAF 19121 aDampier, William Cecil Dampier,d1867-1952.04aThe foundations of science /cby William Cecil Dampier Whetham ... aLondon :bDodge publishing co.,c1912 a93, p. ;c15 cm.0 aThe people's books 0aScience. 3The people's books